Dating the past ; an introduction to geochronology.

Bibliographic Details
Main Author: Zeuner, Frederick Everard, 1905-1963
Format: Book
Language:English
Published: London : Methuen, [1958]
Edition:4th ed., rev. and enl.
Subjects:

MARC

Tag First Indicator Second Indicator Subfields
LEADER 00000cam a2200000 i 4500
001 in00000053244
005 20151007070147.0
008 770811s1958 enkab b 00000 eng b
010 |a  58003837  
035 |a (OCoLC)03179949 
035 |9 AAE3464AM 
040 |a DLC  |c LNE  |d TXA  |d UtOrBLW 
049 |a TXAM  |c [298698] 
050 0 |a QE508  |b .Z4 1958 
082 0 |a 550.1 
092 |a 550.1  |b Z62d4 
100 1 |a Zeuner, Frederick Everard,  |d 1905-1963. 
245 1 0 |a Dating the past ;  |b an introduction to geochronology. 
250 |a 4th ed., rev. and enl. 
264 1 |a London :  |b Methuen,  |c [1958] 
300 |a xx, 516 pages :  |b illustrations, maps ;  |c 22 cm. 
336 |a text  |b txt  |2 rdacontent 
337 |a unmediated  |b n  |2 rdamedia 
338 |a volume  |b nc  |2 rdacarrier 
504 |a Bibliography: pages 433-490. 
650 0 |a Geological time. 
650 0 |a Archaeology. 
999 |a MARS 
999 f f |s 50ac0ecb-d7d7-369f-b741-77642bb4c0f6  |i 6fc30644-51e9-3bdf-8810-dc93bbf9cae8  |t 0 
952 f f |p ric  |a Texas A&M University  |b Rellis Campus  |c Joint Library Facility  |d Remote Storage  |t 0  |e QE508 .Z4 1958  |h Library of Congress classification  |i unmediated -- volume  |m A14800949073 
998 f f |a QE508 .Z4 1958  |t 0  |l Remote Storage